000 00582nam a2200181 4500
008 010611s1995 us engCO
020 _a0937958476
090 _aBT680
_bV65
100 1 _aVidal, Cesar
245 1 0 _aThe myth of Mary /
_cCesar Vidal
260 _aCalifornia :
_bChick Publications,
_c1995.
300 _a192 p. :
_bills.
650 4 _aMary, Blessed Virgin, Saint
_xControversial literature
650 4 _aMary, Blessed Virgin, Saint
_xHistory of doctrines
951 _p23618
_x00022580
_oBT680/V65
_j070613110924312
_d2000-12-21
_cGC
942 0 0 _01
999 _c1708
_d1708